DEP : Diplomacia, estrategia y política
Guardado en:
| Formato: | Seriadas |
|---|---|
| Idioma: | Spanish |
| Publicado: |
Brasília :
Proyecto Raúl Prebisch,
2004
|
| Etiquetas: |
Agregar Etiqueta
Sin Etiquetas, Sea el primero en etiquetar este registro!
|
| LEADER | 00371nas a22001095a 4500 | ||
|---|---|---|---|
| 001 | DER.der000889 | ||
| 005 | 20171114000000.0 | ||
| 008 | 180615s2004####||||||||||||||||||||spa|| | ||
| 245 | 1 | 0 | |a DEP : |b Diplomacia, estrategia y política |
| 260 | |a Brasília : |b Proyecto Raúl Prebisch, |c 2004 | ||
| 500 | 1 | |a Editada en portugués, español e inglés | |
| 859 | |a DERECHO |b BIB. DERECHO |h 327 (05) |i DEP |p 001508 | ||
